[Event "Titled Tue 17th Jun Late"]
[Site "chess.com INT"]
[Date "2025.06.17"]
[Round "1"]
[White "Rees, Ioan"]
[Black "Oro, Faustino"]
[Result "0-1"]
[WhiteTitle "FM"]
[BlackTitle "IM"]
[WhiteElo "2280"]
[BlackElo "2465"]
[WhiteFideId "1801236"]
[BlackFideId "20000197"]
[EventDate "2025.06.17"]

1. Nf3 Nf6 2. g3 b6 3. Bg2 Bb7 4. O-O g6 5. d3 Bg7 6. e4 d6 7. a4 a5 8. Nbd2 O-O
9. Nc4 e5 10. c3 Re8 11. Bg5 Nbd7 12. Qc1 Nc5 13. Rd1 Nb3 14. Qb1 Nxa1 15. Qxa1
Qd7 16. Bxf6 Bxf6 17. b3 Rad8 18. Ne3 Bg7 19. c4 c6 20. Nh4 Qe7 21. Qb1 Bc8 22.
b4 Qc7 23. b5 c5 24. Nd5 Qb7 25. Qc1 Be6 26. Nc3 Qe7 27. Qe3 Bf6 28. Nf3 Kg7 29.
h4 h6 30. Kf1 Qd7 31. Ke2 Be7 32. Kd2 Bg4 33. Rg1 Rc8 34. Nh2 Be6 35. Nf1 Rf8
36. Qe2 Qd8 37. Ne3 Kh7 38. Ncd5 Rb8 39. Kc2 Rg8 40. f4 exf4 41. gxf4 Bxh4 42.
Rh1 Kg7 43. Kb3 Rh8 44. f5 Bxd5 45. Nxd5 Bf6 46. Rf1 Be5 47. Bh3 Qg5 48. Kc2
Rhe8 49. Qf3 Rf8 50. Qf2 Bd4 51. Qh2 Be5 52. Qf2 Rb7 53. fxg6 Qg3 54. Qf5 Qxg6
55. Qf2 Bd4 56. Qf3 Qg5 57. Nf4 Rbb8 58. Bf5 Kh8 59. Rh1 Rg8 60. Rh5 Qf6 61. Qh3
Kg7 62. Rh4 Kf8 63. Nh5 Qg5 64. Rg4 Qe3 65. Rxg8+ Kxg8 66. Qg4+ Kf8 67. Bh7 Qf2+
68. Kd1 Qf1+ 69. Kc2 Ke7 0-1

[Event "Titled Tue 17th Jun Late"]
[Site "chess.com INT"]
[Date "2025.06.17"]
[Round "1"]
[White "Leiva, Gianmarco"]
[Black "Mayans Calvo, Mariano"]
[Result "0-1"]
[WhiteTitle "IM"]
[BlackTitle "CM"]
[WhiteElo "2387"]
[BlackElo "2101"]
[WhiteFideId "3804399"]
[BlackFideId "2251426"]
[EventDate "2025.06.17"]

1. e4 e6 2. d4 d5 3. Nc3 Nf6 4. e5 Nfd7 5. Nce2 c5 6. c3 Nc6 7. Nf3 Be7 8. Nf4
h5 9. h4 Qb6 10. a3 a5 11. Be2 a4 12. O-O Nf8 13. Bd3 Bd7 14. Bc2 cxd4 15. cxd4
Qa7 16. Be3 b5 17. Ng5 g6 18. Nf3 Na5 19. Rb1 Nc4 20. Bc1 Bc6 21. Nd3 Nd7 22.
Nb4 Bb7 23. Bg5 Bf8 24. Re1 Rc8 25. Bd3 Ndb6 26. Bf1 Bg7 27. Nd2 O-O 28. Nf3 Nd7
29. Qd3 Nb8 30. Red1 Nc6 31. Nxc6 Bxc6 32. Ne1 Rb8 33. Nc2 Bb7 34. Qf3 Qb6 35.
Bf6 Bxf6 36. Qxf6 Qd8 37. Qf4 Kg7 38. Qd2 f6 39. Qe1 fxe5 40. dxe5 Qxh4 41. Nd4
Rbe8 42. Nxb5 d4 43. Nxd4 Rf4 44. Nb5 Ref8 45. f3 Qg5 46. Rd7+ R8f7 47. Rxf7+
Rxf7 48. Qc1 Qg3 49. Qxc4 Bxf3 50. Qc2 Bd5 51. Qe2 Qf4 52. Nc3 Qd4+ 53. Kh1 Rf2
54. Qxf2 Qxf2 55. Nxd5 Qh4+ 56. Kg1 Qd4+ 57. Ne3 Qxe3+ 58. Kh1 Qxe5 59. b3 Qf5
60. Re1 axb3 61. a4 b2 62. a5 b1=Q 63. Rxb1 Qxb1 64. Kg1 Qa1 65. a6 Qd4+ 66. Kh2
Qb6 67. Kg3 Kf6 68. Kf3 g5 69. Ke4 Qb4+ 70. Bc4 Qxc4+ 71. Ke3 Qxa6 72. Kf2 Qd6
73. Kg1 Kf5 74. Kh1 Kg4 75. g3 h4 0-1

[Event "Titled Tue 17th Jun Late"]
[Site "chess.com INT"]
[Date "2025.06.17"]
[Round "1"]
[White "Mata Gonzalez, Jose Fernando"]
[Black "Halynyazov, Vepaly"]
[Result "0-1"]
[WhiteTitle "CM"]
[WhiteElo "2164"]
[BlackElo "2189"]
[WhiteFideId "5107423"]
[BlackFideId "14004020"]
[EventDate "2025.06.17"]

1. e4 e6 2. d4 d5 3. e5 c5 4. c3 Qb6 5. Nf3 Nc6 6. Bd3 cxd4 7. cxd4 Bd7 8. O-O
Nxd4 9. Ng5 Be7 10. Qh5 g6 11. Qh4 h6 12. Be3 Bxg5 13. Bxg5 Nf5 14. Bxf5 gxf5
15. Nd2 Qxb2 16. Nf3 Bc6 17. Rfd1 Qa3 18. Nd4 Kd7 19. Rac1 Rc8 20. Bf6 Nxf6 21.
Qxf6 Qe7 22. Rb1 Qxf6 23. exf6 b6 24. a4 Bxa4 25. Re1 Rc4 26. Nf3 Re4 27. Rec1
Rc8 28. Rxc8 Kxc8 29. h3 b5 30. Ra1 a5 31. Nd2 Rd4 32. Nf3 Re4 33. Nd2 Re2 34.
Nf3 Kd7 35. g4 fxg4 36. hxg4 Kd6 37. Rc1 Rc2 38. Re1 b4 39. Ne5 Be8 40. f4 b3
41. g5 hxg5 42. fxg5 b2 43. Nd3 a4 44. Nxb2 Rxb2 45. Ra1 Rb4 46. Kf2 Rg4 47. Kf3
Rxg5 48. Rb1 Rf5+ 49. Ke3 Rxf6 50. Kd4 Rf4+ 51. Ke3 Rc4 52. Kd3 Ke5 53. Rb6 f5
54. Rb8 f4 55. Rxe8 Rd4+ 56. Kc3 a3 57. Rf8 Re4 58. Ra8 Re3+ 59. Kd2 Ke4 60. Rf8
e5 61. Ra8 d4 62. Re8 f3 63. Rf8 a2 64. Ra8 Re2+ 65. Kd1 Ke3 66. Ra3+ d3 67. Kc1
Re1+ 68. Kb2 a1=Q+ 69. Kb3 Rb1+ 70. Kc4 Qxa3 0-1

[Event "Titled Tue 17th Jun Late"]
[Site "chess.com INT"]
[Date "2025.06.17"]
[Round "1"]
[White "Hadzovic, Amir"]
[Black "Bacrot, Etienne"]
[Result "0-1"]
[WhiteTitle "FM"]
[BlackTitle "GM"]
[WhiteElo "2354"]
[BlackElo "2633"]
[WhiteFideId "14402300"]
[BlackFideId "605506"]
[EventDate "2025.06.17"]

1. e4 c5 2. Nc3 Nc6 3. f4 g6 4. Nf3 Bg7 5. a3 e6 6. b4 b6 7. e5 Nge7 8. Ne4 O-O
9. bxc5 bxc5 10. Bb2 Rb8 11. Rb1 Nd5 12. g3 Qa5 13. Bd3 c4 14. Bxc4 Ne3 15. Qe2
Nxc4 16. Qxc4 Ba6 17. Qc3 Qd5 18. d3 Rfc8 19. Qd2 Qa2 20. Qc1 d5 21. Nd6 Rd8 22.
O-O Rxd6 23. exd6 Bxb2 24. Qd2 Qxa3 25. Ne5 Qxd6 26. Kg2 Nxe5 27. fxe5 Bxe5 28.
Rxb8+ Qxb8 29. Qf2 Qc7 30. h4 d4 31. h5 Bb7+ 32. Kh2 Kg7 33. h6+ Kxh6 34. Qxf7
Qxf7 35. Rxf7 Bd5 36. Rxa7 Bf6 37. Rc7 Bg5 38. Kg1 Be3+ 39. Kf1 g5 40. Ke2 g4
41. c4 Bf3+ 42. Ke1 e5 43. c5 e4 44. dxe4 d3 45. Rd7 d2+ 46. Rxd2 Bxd2+ 47. Kxd2
Bxe4 48. Ke3 Bc6 49. Kf4 Kh5 50. Kf5 Bd7+ 51. Kf6 Bc8 52. Kg7 h6 53. Kf6 Bd7 54.
Ke7 Bc6 55. Kf6 Bb5 56. Kf5 Bc6 57. Kf6 Be4 58. Ke5 Bg2 59. Kf5 Bf3 60. Kf6 Bb7
61. Kf5 Ba6 62. Kf6 Bc8 63. c6 Ba6 64. c7 Bc8 65. Ke7 Kg5 66. Kd6 h5 67. Ke7 h4
68. gxh4+ Kxh4 69. Kd8 Bb7 70. Kd7 g3 71. Kd6 Bc8 72. Kc5 g2 73. Kb6 g1=Q+ 74.
Kc6 Qg8 75. Kd6 Qe8 0-1

[Event "Titled Tue 17th Jun Late"]
[Site "chess.com INT"]
[Date "2025.06.17"]
[Round "1"]
[White "Hartge, Gedeon"]
[Black "Grover, Sahaj"]
[Result "1/2-1/2"]
[WhiteTitle "FM"]
[BlackTitle "GM"]
[WhiteElo "2328"]
[BlackElo "2465"]
[WhiteFideId "12932116"]
[BlackFideId "5021103"]
[EventDate "2025.06.17"]

1. c4 c5 2. Nf3 Nc6 3. Nc3 Nf6 4. e3 e6 5. d4 d5 6. cxd5 exd5 7. Bb5 cxd4 8.
Nxd4 Bd7 9. O-O Bd6 10. a3 h5 11. Be2 Qe7 12. h3 O-O-O 13. Ncb5 Bb8 14. b4 a6
15. Nxc6 Bxc6 16. Nd4 Qe5 17. f4 Qd6 18. Nxc6 Qxc6 19. Bb2 Ba7 20. Bd4 Kb8 21.
Rc1 Qe6 22. Bxa7+ Kxa7 23. Qd4+ Kb8 24. Bf3 Rhe8 25. Rc3 Rc8 26. Rfc1 Rxc3 27.
Rxc3 g6 28. Rd3 Qf5 29. Bxd5 Nxd5 30. Qxd5 Qxd5 31. Rxd5 Rxe3 32. Rd7 Rxa3 33.
Rxf7 Rb3 34. f5 gxf5 35. Rxf5 Rxb4 36. Rxh5 b5 37. g4 Rb1+ 38. Kg2 b4 39. Ra5
Kb7 40. g5 Rd1 41. Ra4 a5 42. Rxa5 Kb6 43. Ra8 Kc7 44. Ra4 b3 45. Rb4 Rd2+ 46.
Kg3 b2 47. h4 Rd3+ 48. Kg4 Rd4+ 49. Rxd4 b1=Q 50. Rf4 Kd6 51. h5 Ke5 52. Rf6
Qg1+ 53. Kh4 Qh2+ 54. Kg4 Qg2+ 55. Kh4 Qe4+ 56. Kg3 Qe2 57. Kh4 Qd1 58. h6 Qd3
59. Kh5 Qh7 60. Rf3 Qd7 61. Rf6 Qh3+ 62. Kg6 Qd3+ 63. Kg7 Qd7+ 64. Rf7 Qg4 65.
g6 Ke6 66. h7 Qd4+ 67. Kg8 Qg4 68. g7 Qg6 69. Rf8 Ke7 70. h8=Q Qe6+ 71. Kh7 Qe4+
72. Kh6 Qh4+ 73. Kg6 Qg4+ 74. Kh6 Qh4+ 75. Kg6 Qg4+ 76. Kh6 Qh4+ 1/2-1/2

[Event "Titled Tue 17th Jun Late"]
[Site "chess.com INT"]
[Date "2025.06.17"]
[Round "1"]
[White "Przybylski, Wojciech"]
[Black "Gasparyan, Erik R."]
[Result "1/2-1/2"]
[WhiteTitle "FM"]
[BlackTitle "IM"]
[WhiteElo "2340"]
[BlackElo "2372"]
[WhiteFideId "1117599"]
[BlackFideId "13315730"]
[EventDate "2025.06.17"]

1. d4 g6 2. g3 Bg7 3. Bg2 Nf6 4. Nf3 d5 5. O-O O-O 6. Re1 c6 7. Nc3 Nbd7 8. e4
dxe4 9. Nxe4 Nxe4 10. Rxe4 Nf6 11. Re1 Bf5 12. c3 Re8 13. Ne5 Nd7 14. Bf4 Nxe5
15. dxe5 Qxd1 16. Raxd1 Rad8 17. Bf3 h5 18. Kg2 Kf8 19. h3 Be6 20. b3 a5 21. c4
a4 22. g4 hxg4 23. hxg4 Rxd1 24. Rxd1 Ra8 25. Rd2 Ke8 26. Bd1 axb3 27. axb3 Ra1
28. Bg3 g5 29. f4 gxf4 30. Bxf4 Rb1 31. Kf3 b5 32. cxb5 cxb5 33. Rd3 Rb2 34. Ke4
Rg2 35. Bf3 Rg1 36. Be3 Re1 37. Rd1 Rxd1 38. Bxd1 Kd7 39. b4 Kc6 40. Kd4 Bd5 41.
g5 Bf8 42. Bg4 Bc4 43. e6 Bxe6 44. Bxe6 Bg7+ 45. Ke4 fxe6 46. Bd4 Bxd4 47. Kxd4
Kd6 48. Ke4 e5 49. Kf5 e6+ 50. Kf6 e4 51. g6 e3 52. g7 e2 53. g8=Q e1=Q 54. Qf8+
Kc6 55. Qc5+ Kb7 56. Qxb5+ Kc7 57. Qc5+ Kb7 58. b5 Qe4 59. Ke7 Qd5 60. Qb4 e5
61. Qc3 e4 62. Qe3 Qd3 63. Qc5 e3 64. Qc6+ Kb8 65. Qb6+ Kc8 66. Qc6+ Kb8 67.
Qb6+ Kc8 68. Qc6+ Kb8 1/2-1/2

[Event "Titled Tue 17th Jun Late"]
[Site "chess.com INT"]
[Date "2025.06.17"]
[Round "1"]
[White "Suarez, Pedro"]
[Black "Dudin, Gleb"]
[Result "0-1"]
[WhiteTitle "CM"]
[BlackTitle "GM"]
[WhiteElo "2066"]
[BlackElo "2574"]
[WhiteFideId "3007642"]
[BlackFideId "34184934"]
[EventDate "2025.06.17"]

1. d4 Nf6 2. c4 c5 3. d5 d6 4. Nc3 e5 5. e4 Be7 6. Bd3 O-O 7. Nge2 g6 8. O-O Nh5
9. f4 exf4 10. Nxf4 Nxf4 11. Bxf4 Nd7 12. Qe1 f6 13. Qg3 Ne5 14. Be2 Nf7 15. Bd3
a6 16. a4 Kg7 17. h4 Qd7 18. h5 Qg4 19. hxg6 hxg6 20. Be2 Qxg3 21. Bxg3 Bd7 22.
Rf2 Rh8 23. Bd3 Ne5 24. Bxe5 fxe5 25. Raf1 Raf8 26. Rxf8 Bxf8 27. Be2 Be7 28. b3
Bg5 29. Kf2 Bh4+ 30. Ke3 Bg5+ 31. Kd3 Rh2 32. Bf3 Bf4 33. Ne2 Bh6 34. Nc3 g5 35.
Rg1 g4 36. Be2 Bg5 37. Nd1 b5 38. axb5 axb5 39. Nf2 bxc4+ 40. bxc4 g3 41. Nd1
Rh8 42. Bf3 Ra8 43. Nc3 Ra3 44. Rb1 Kf8 45. Rb7 Be8 46. Rb8 Ke7 47. Rb7+ Kf8 48.
Rb8 Ke7 49. Rb7+ Kf6 50. Rb8 Bd7 51. Rf8+ Ke7 52. Rb8 Bc1 53. Kc2 Be3 54. Rb7
Bd4 55. Bg4 Rxc3+ 56. Kd2 Rxc4 57. Rxd7+ Kf6 58. Be6 Rb4 59. Rf7+ Kg5 60. Rf5+
Kg6 61. Rf7 Rb2+ 62. Kd3 Rxg2 63. Rf8 Rg1 64. Rg8+ Kf6 65. Bf5 g2 66. Rg6+ Ke7
67. Ke2 Rb1 68. Rg7+ Kf8 69. Rxg2 c4 70. Be6 Rb2+ 71. Kf3 Rxg2 72. Kxg2 c3 0-1

[Event "Titled Tue 17th Jun Late"]
[Site "chess.com INT"]
[Date "2025.06.17"]
[Round "1"]
[White "George, Kevin"]
[Black "Rathbone-Jones, Ifan"]
[Result "1/2-1/2"]
[WhiteTitle "IM"]
[BlackTitle "CM"]
[WhiteElo "2327"]
[BlackElo "2208"]
[WhiteFideId "10669515"]
[BlackFideId "1803859"]
[EventDate "2025.06.17"]

1. e4 c5 2. Nf3 d6 3. Bb5+ Nc6 4. O-O Bd7 5. Re1 a6 6. Bxc6 Bxc6 7. d4 Nf6 8. d5
Bd7 9. e5 dxe5 10. Nxe5 Bf5 11. c4 e6 12. Qa4+ Nd7 13. Bg5 Be7 14. Bxe7 Qxe7 15.
g4 Bxb1 16. d6 Qxd6 17. Raxb1 b5 18. Qd1 Qxd1 19. Rbxd1 Nxe5 20. Rxe5 Rc8 21.
cxb5 axb5 22. Rc1 Ke7 23. Rexc5 Rxc5 24. Rxc5 Ra8 25. a3 Rb8 26. Rc7+ Kf6 27. h4
b4 28. a4 b3 29. Rc4 h6 30. Kf1 Ke5 31. Ke2 f5 32. Kd3 g5 33. hxg5 hxg5 34. gxf5
exf5 35. Kc3 f4 36. Rc5+ Kf6 37. a5 g4 38. Kd3 Rb4 39. Rc6+ Kf5 40. Rb6 Ra4 41.
Rb5+ Kf6 42. Rh5 g3 43. fxg3 fxg3 44. Ke2 Ra2 45. Kf3 Rxb2 46. Kxg3 Ra2 47. Rb5
b2 48. Kf3 Rxa5 49. Rxb2 Ra3+ 50. Ke4 Ra4+ 51. Kd5 Ra5+ 52. Kd4 Ra4+ 53. Kc5
Ra5+ 54. Kc6 Ra6+ 55. Kb7 Re6 56. Rb5 Re5 57. Rb4 Re7+ 58. Kc6 Re6+ 59. Kd5 Re5+
60. Kd6 Re6+ 61. Kd5 Re5+ 62. Kd4 Ra5 63. Rb6+ Kf5 64. Rh6 Ra4+ 65. Kc3 Ra3+ 66.
Kb4 Rg3 67. Kc4 Rg4+ 68. Kc5 Rg6 69. Rh1 Rg5 70. Kd6 Rg6+ 71. Kd5 Rg2 72. Rf1+
Kg4 73. Re1 Rd2+ 74. Ke4 Ra2 75. Rg1+ Kh3 76. Rg8 Ra4+ 77. Kd3 Ra3+ 78. Kc4 Ra4+
79. Kb3 Rg4 80. Rh8+ Kg3 81. Rc8 Rf4 82. Rc1 Rf3+ 83. Kc4 Rf4+ 84. Kd5 Rf5+ 85.
Ke6 Rf2 86. Ke5 Re2+ 87. Kf5 Re8 88. Rc3+ Kf2 89. Rc2+ Ke3 90. Rh2 Rf8+ 91. Ke6
Re8+ 92. Kd5 Rd8+ 93. Kc4 Rc8+ 94. Kb5 Rb8+ 95. Kc6 Rc8+ 96. Kb7 Rc5 97. Kb6 Rf5
98. Kc6 Rf6+ 99. Kd5 1/2-1/2

[Event "Titled Tue 17th Jun Late"]
[Site "chess.com INT"]
[Date "2025.06.17"]
[Round "1"]
[White "Ozen, Batuhan"]
[Black "Papasimakopoulos, Alexandros"]
[Result "0-1"]
[WhiteTitle "CM"]
[BlackTitle "IM"]
[WhiteElo "2128"]
[BlackElo "2366"]
[WhiteFideId "6345123"]
[BlackFideId "4244125"]
[EventDate "2025.06.17"]

1. c4 e6 2. g3 d5 3. Bg2 Nf6 4. Nf3 Be7 5. O-O O-O 6. b3 b6 7. Bb2 Bb7 8. d3
dxc4 9. bxc4 c5 10. a4 Nc6 11. Nc3 Nd7 12. Nb5 a6 13. Nc3 Bf6 14. Qc1 Na5 15.
Qc2 Qc7 16. Rfb1 Nc6 17. Ne4 Bxb2 18. Qxb2 a5 19. Nc3 Nb4 20. Nb5 Qb8 21. Ne1
Bxg2 22. Nxg2 Rd8 23. h4 Ne5 24. Ne3 Nec6 25. Nc2 Rd7 26. Nxb4 axb4 27. Qd2 Nd4
28. Nxd4 Rxd4 29. Ra2 Qb7 30. Rba1 Ra5 31. Qe3 Rd8 32. Qd2 Rda8 33. Qc2 Qc6 34.
Qb3 h6 35. e3 g5 36. Kh2 Qf3 37. d4 Kh8 38. d5 gxh4 39. Rg1 Rg8 40. Qb2+ Kh7 41.
dxe6 hxg3+ 42. Rxg3 Rxg3 43. fxg3 fxe6 44. Qe5 Ra7 45. Qxe6 Rg7 46. Rg2 Qh5+ 47.
Kg1 Qg6 48. Qe5 h5 49. Qf4 Qg4 50. Kh2 Qxf4 51. exf4 Ra7 52. Ra2 Kg6 53. Kg2 Kf5
54. Kf3 Ra8 55. Ra1 Ra7 56. Ra2 Ra8 57. Ra1 b3 58. Rb1 Rxa4 59. Rxb3 Rxc4 60.
Rxb6 Rc3+ 61. Kf2 Rc1 62. Rh6 c4 63. Rxh5+ Ke4 64. Re5+ Kd4 65. Re2 c3 66. f5 c2
67. Kg2 Rg1+ 68. Kxg1 c1=Q+ 69. Kg2 Qc6+ 70. Kh2 Qf3 0-1

[Event "Titled Tue 17th Jun Late"]
[Site "chess.com INT"]
[Date "2025.06.17"]
[Round "1"]
[White "Damaraju, Ashwin"]
[Black "Dreelinck, Jacob"]
[Result "0-1"]
[BlackTitle "FM"]
[WhiteElo "2084"]
[BlackElo "2266"]
[WhiteFideId "39908348"]
[BlackFideId "250511"]
[EventDate "2025.06.17"]

1. e4 c5 2. Nc3 Nc6 3. Bb5 Nd4 4. Nf3 Nxb5 5. Nxb5 f5 6. exf5 Nh6 7. d4 Nxf5 8.
dxc5 Qa5+ 9. Nc3 e6 10. Bd2 Bxc5 11. Ne4 Bb4 12. O-O O-O 13. c3 Be7 14. c4 Qc7
15. Rc1 b6 16. Qe2 Bb7 17. Bc3 Nd6 18. Ned2 Qc6 19. Qe5 Bf6 20. Qg3 Nf5 21. Qg4
Bxc3 22. Rxc3 Rf6 23. Ne5 Qc7 24. f4 Qc5+ 25. Kh1 Ne3 26. Qh4 Bxg2+ 27. Kg1 Nf5+
28. Qf2 Qxf2+ 29. Rxf2 Bc6 30. Rd3 Raf8 31. Rxd7 Bxd7 32. Nxd7 Nd4 33. Nxf8 Kxf8
34. Ne4 Rg6+ 35. Kf1 Ke7 36. Rd2 Nf5 37. Kf2 Rg4 38. Kf3 Rg1 39. Ng3 Ra1 40. b3
Nh4+ 41. Kg4 Ng6 42. f5 exf5+ 43. Nxf5+ Kf6 44. Rd6+ Ke5 45. Rd5+ Kf6 46. Ng3
Ne5+ 47. Kh3 Ng6 48. Rf5+ Ke6 49. Rf2 Re1 50. Nh5 Ne5 51. Nxg7+ Kd7 52. Nf5 Ke6
53. Ng3 Rc1 54. Re2 Kf6 55. Nh5+ Kf5 56. Ng7+ Kf6 57. Ne8+ Kf5 58. Nd6+ Kf6 59.
Rf2+ Ke6 60. Ne4 Rg1 61. Ng3 Ng6 62. b4 Rc1 63. Re2+ Kd6 64. Re4 Rb1 65. a3 Ra1
66. Nf5+ Kc6 67. Nd4+ Kd6 68. Nb5+ Kd7 69. Re3 a6 70. Rd3+ Ke6 71. Nd4+ Ke5 72.
Nc6+ Ke4 73. Rg3 Nf4+ 74. Kg4 h5+ 75. Kg5 Rh1 76. h4 Rd1 77. Kh6 Rd6+ 78. Rg6
Rxg6+ 79. Kh7 Rxc6 80. b5 axb5 81. cxb5 Rc5 82. a4 Rc4 83. a5 bxa5 84. b6 Rb4
85. b7 Rxb7+ 86. Kh8 Rb5 87. Kg7 Kf5 88. Kh6 Rb6+ 89. Kg7 a4 90. Kf7 a3 0-1

[Event "Titled Tue 17th Jun Late"]
[Site "chess.com INT"]
[Date "2025.06.17"]
[Round "1"]
[White "Ozates, Tuna"]
[Black "Mansurova, Mumtozbegim"]
[Result "1-0"]
[WhiteTitle "FM"]
[BlackTitle "WCM"]
[WhiteElo "2217"]
[BlackElo "1800"]
[WhiteFideId "6354521"]
[BlackFideId "14215780"]
[EventDate "2025.06.17"]

1. d4 Nf6 2. Bg5 c5 3. Nc3 cxd4 4. Qxd4 Nc6 5. Qh4 h6 6. Bxf6 exf6 7. O-O-O Bb4
8. Nd5 Be7 9. Qg3 O-O 10. Nf3 d6 11. e4 Ne5 12. Nd4 Be6 13. f4 Nc6 14. Nf5 Bxf5
15. exf5 Re8 16. Bc4 a6 17. Rhe1 Rc8 18. a3 b5 19. Ba2 Na5 20. Re4 Kh8 21. Rde1
Nc6 22. R1e3 b4 23. axb4 Rb8 24. c3 Rb7 25. Qh4 a5 26. b5 Rxb5 27. Nxf6 Rf8 28.
Rxe7 Nxe7 29. Nd7 Qxd7 30. Rxe7 Qc6 31. f6 Qxg2 32. Bxf7 Qf1+ 33. Re1 Qf3 34.
fxg7+ Kxg7 35. Bc4 Rbf5 36. Rg1+ Kh7 37. Qe7+ R8f7 38. Bxf7 Qxf4+ 39. Kb1 Rxf7
40. Qe8 Qf5+ 41. Ka1 Rf8 42. Qe7+ Rf7 43. Qxd6 Qe4 44. Qd1 Qf4 45. Qd3+ Qf5 46.
Qxf5+ Rxf5 47. Rg4 Rd5 48. Ka2 Rd2 49. Kb3 Rxh2 50. Rf4 h5 51. Rf7+ Kg6 52. Ra7
h4 53. Rxa5 h3 54. Ra8 Rh1 55. Rh8 h2 56. c4 Kf6 57. Kb4 Ke6 58. b3 Kd6 59. Rh6+
Kc7 60. Kc5 Rb1 61. Rh7+ Kc8 62. Kc6 Kd8 63. Rxh2 Rxb3 64. Rh8+ Ke7 65. c5 Rc3
66. Rh7+ Ke6 67. Rh5 Ke7 68. Kc7 Rc1 69. c6 Rb1 70. Re5+ Kf8 71. Re2 Kf7 72. Re4
Rc1 73. Kd7 Rd1+ 74. Kc8 Rc1 75. c7 Kf6 76. Rb4 Rd1 77. Kb8 1-0

[Event "Titled Tue 17th Jun Late"]
[Site "chess.com INT"]
[Date "2025.06.17"]
[Round "1"]
[White "Garcia, Jhoel"]
[Black "Paravyan, David"]
[Result "0-1"]
[WhiteTitle "IM"]
[BlackTitle "GM"]
[WhiteElo "2293"]
[BlackElo "2589"]
[WhiteFideId "3801110"]
[BlackFideId "4194985"]
[EventDate "2025.06.17"]

1. e4 e5 2. Nf3 Nf6 3. Nc3 Nc6 4. d4 exd4 5. Nxd4 Bb4 6. Nxc6 bxc6 7. Bd3 O-O 8.
O-O d5 9. exd5 Bg4 10. Be2 Bxe2 11. Nxe2 Re8 12. c3 Bc5 13. Ng3 Qxd5 14. Bf4 Bb6
15. h3 Ne4 16. Qf3 f5 17. Rad1 Qf7 18. Nxe4 Rxe4 19. Be3 Rae8 20. Bxb6 axb6 21.
Rd2 h6 22. a3 c5 23. Kh2 Kh7 24. Rfd1 Qf6 25. Rd5 R8e5 26. Rd7 Re7 27. R7d5 R4e5
28. Rd8 Re2 29. R1d5 R7e5 30. Rd2 Rxd2 31. Rxd2 c4 32. g3 Re4 33. Rd5 Re5 34.
Rd4 b5 35. Rf4 c6 36. h4 Qe6 37. Rd4 Rd5 38. Rf4 Rd3 39. Qg2 Qd5 40. Qxd5 Rxd5
41. Kg2 g5 42. hxg5 hxg5 43. Rf3 Kg6 44. Re3 Kf6 45. Re2 g4 46. f3 Rd3 47. fxg4
fxg4 48. Kf2 Kf5 49. Kg2 Rd6 50. Kf2 Rd8 51. Rc2 Ke4 52. Ke1 Kf3 53. Rf2+ Kxg3
54. Rf6 Rc8 55. Rg6 Kf3 56. Rf6+ Kg2 57. Rg6 g3 58. Ke2 Re8+ 59. Kd2 Rf8 60. Ke3
Rf3+ 61. Ke2 Rf2+ 62. Ke3 Rxb2 63. Rxc6 Rb3 64. Kd4 Rxa3 65. Rc5 Rb3 66. Rg5 Kf2
67. Rf5+ Kg1 68. Rg5 g2 69. Ke3 Rxc3+ 70. Ke2 Rc2+ 71. Kf3 Rf2+ 72. Kg3 Rb2 73.
Kh3 Rb3+ 74. Kh4 Kh2 75. Kh5 Rh3+ 76. Kg6 Rg3 77. Kh5 Rxg5+ 78. Kh6 Rg3 0-1

[Event "Titled Tue 17th Jun Late"]
[Site "chess.com INT"]
[Date "2025.06.17"]
[Round "1"]
[White "Goodrich, Elliott"]
[Black "Ersoz, Teoman Guney"]
[Result "1-0"]
[BlackTitle "CM"]
[WhiteElo "2019"]
[BlackElo "2052"]
[WhiteFideId "39902064"]
[BlackFideId "44537050"]
[EventDate "2025.06.17"]

1. e4 c5 2. Nf3 e6 3. d4 cxd4 4. Nxd4 a6 5. c4 Nf6 6. Nc3 Bb4 7. Nc2 Bxc3+ 8.
bxc3 Nc6 9. Ba3 Qa5 10. Qd3 Ne5 11. Qd4 Nc6 12. Qd3 b5 13. Be2 bxc4 14. Qxc4 Ne5
15. Qd4 Nc6 16. Qc4 Qb5 17. Qxb5 axb5 18. f3 Ba6 19. O-O b4 20. Bxa6 bxa3 21.
Bb7 Ra5 22. Rab1 O-O 23. Rb3 Rb8 24. Rfb1 Ne8 25. Bxc6 Rxb3 26. Rxb3 dxc6 27.
Rxa3 Rc5 28. Rb3 Kf8 29. Kf2 Nd6 30. Ke3 e5 31. Kd3 Ke7 32. a4 Ra5 33. Ra3 Nb7
34. Kc4 Kd6 35. Kb4 Ra7 36. Ne3 f6 37. Nc4+ Ke6 38. a5 Ra6 39. Kb3 Nc5+ 40. Kc2
h5 41. Ra1 Nb7 42. Rb1 Ra7 43. Ra1 h4 44. h3 Nc5 45. Rb1 Nb7 46. Rb6 Nxa5 47.
Nxa5 Rxa5 48. Rxc6+ Kd7 49. Rb6 Ra1 50. Rb2 Rg1 51. Kd3 Kc6 52. Kc4 g6 53. Ra2
Kb6 54. Rd2 Kc6 55. Ra2 f5 56. Ra6+ Kd7 57. Rxg6 fxe4 58. fxe4 Ke7 59. Kd5 Kf7
60. Rg4 Rc1 61. Kxe5 Rxc3 62. Rxh4 Kg6 63. Rg4+ Kh5 64. Rg8 Kh6 65. Kf5 Kh7 66.
Rg4 Rc2 67. e5 Rf2+ 68. Rf4 Re2 69. g4 Kg7 70. h4 Kf7 71. h5 Rh2 72. Rd4 Ke7 73.
Kg6 Rg2 74. g5 Re2 75. h6 Rh2 76. Kg7 Ke6 77. h7 Kxe5 78. Ra4 Kf5 79. Ra5+ Ke6
80. h8=Q Rf2 81. Qe8+ Kd6 82. Qd8+ Ke6 83. Ra6+ Kf5 84. Qf6+ Kg4 85. Qxf2 Kh5
86. Qh2+ Kg4 87. Ra4+ Kf5 88. Qf4+ Ke6 89. Ra6+ Kd5 90. Rd6+ Kc5 91. Qd4+ Kb5
92. Rb6+ Ka5 93. Qb4# 1-0

[Event "Titled Tue 17th Jun Late"]
[Site "chess.com INT"]
[Date "2025.06.17"]
[Round "1"]
[White "Manvelyan, Mikayel"]
[Black "Hernandez Leon, Sergio"]
[Result "0-1"]
[WhiteTitle "FM"]
[BlackTitle "CM"]
[WhiteElo "2362"]
[BlackElo "2102"]
[WhiteFideId "13310143"]
[BlackFideId "2285622"]
[EventDate "2025.06.17"]

1. e4 c5 2. Nf3 Nf6 3. e5 Nd5 4. Nc3 e6 5. Nxd5 exd5 6. d4 Nc6 7. c3 d6 8. exd6
Bxd6 9. Bb5 O-O 10. O-O c4 11. Ba4 Bg4 12. Bc2 Qf6 13. h3 Bxf3 14. Qxf3 Qxf3 15.
gxf3 Rfe8 16. Be3 g6 17. Rfe1 f5 18. b3 b5 19. a4 a6 20. axb5 axb5 21. bxc4 bxc4
22. Reb1 Rxa1 23. Rxa1 f4 24. Bd2 Re2 25. Rd1 Kf7 26. Kf1 Re7 27. Rb1 Nd8 28.
Rb5 Ke6 29. Rb6 g5 30. Bc1 Rb7 31. Ra6 Kd7 32. Ke2 h6 33. Ra5 Ke6 34. Ra8 Rb8
35. Ra6 Ke7 36. Bf5 Rb3 37. Kd2 Rb7 38. Ra5 Nc6 39. Rxd5 Ra7 40. Rb5 Ra2+ 41.
Bc2 Kd7 42. Rb7+ Bc7 43. Rb5 Bd6 44. h4 Ra5 45. Rb7+ Bc7 46. h5 Kc8 47. Rb1 Kd7
48. Kd1 Bd6 49. Be4 Kc7 50. Bd2 Ra2 51. Rb5 Na5 52. Bd5 Nb3 53. Be1 Ra1+ 54. Ke2
Nc1+ 55. Kd2 Nb3+ 56. Rxb3 cxb3 57. Bxb3 Kc6 58. c4 Bb4+ 59. Kd3 Rxe1 60. c5
Bxc5 61. dxc5 Kxc5 62. Kd2 Rh1 63. Bf7 Kd4 64. Ke2 Ra1 65. Bg6 Ra2+ 66. Kf1 Kc3
67. Bf5 Kd2 68. Bg6 Ra1+ 69. Kg2 Ke1 70. Be4 Ra2 71. Kh3 Rxf2 72. Kg4 Ke2 73.
Bd5 Ke3 74. Bc6 Rg2+ 75. Kf5 Rg3 76. Kg6 Rxf3 77. Bxf3 Kxf3 78. Kxh6 g4 79. Kg7
g3 80. h6 g2 81. h7 g1=Q+ 82. Kh8 Qd4+ 83. Kg8 Kg4 84. Kf7 Kg5 85. h8=Q Qxh8 86.
Ke6 Qe8+ 87. Kd6 f3 88. Kd5 f2 89. Kc5 f1=Q 90. Kd4 Qd1+ 91. Kc3 Qc8+ 92. Kb2
Qdd7 93. Kb3 Qdb7+ 94. Ka3 Qca8# 0-1